[Event "Kolkata op"]
[Site "Kolkata"]
[Date "2004.11.17"]
[Round "11"]
[White "Souvik, Chakraborty"]
[Black "Islam, Khandaker Aminul"]
[Result "0-1"]
[WhiteElo "2048"]
[BlackElo "2326"]
[PlyCount "90"]
[EventDate "2004.11.08"]
[EventType "swiss"]
[EventRounds "11"]
[EventCountry "IND"]
[SourceTitle "CBM 103 Extra"]
[Source "ChessBase"]
[SourceDate "2005.01.01"]
[SourceVersion "1"]
[SourceVersionDate "2005.01.01"]
[SourceQuality "1"]

1. e4 e5 2. Nf3 Nc6 3. Bb5 a6 4. Bxc6 dxc6 5. 0-0 Bg4 6. h3 h5 7. d3 Qf6 8. Be3 Bxf3 9. Qxf3 Qxf3 10. gxf3 Bd6 11. Nd2 f6 12. Rfb1 Ne7 13. b4 Ng6 14. a4 Kf7 15. Kf1 Rhd8 16. Nc4 b6 17. Ke2 Rd7 18. Nd2 Nf8 19. c3 Ne6 20. a5 b5 21. Nb3 Rad8 22. Rd1 g6 23. d4 exd4 24. Nxd4 Nxd4+ 25. Bxd4 Bxb4 26. cxb4 Rxd4 27. Rxd4 Rxd4 28. Rc1 Rxb4 29. Rxc6 Ra4 30. Rxa6 Ke7 31. Ra8 Ra2+ 32. Ke3 Ra3+ 33. Ke2 Kd7 34. a6 g5 35. a7 Kc6 36. Rf8 Rxa7 37. Rxf6+ Kc5 38. Rf5+ Kc4 39. Rxg5 Ra2+ 40. Ke3 Ra1 41. e5 b4 42. Kd2 b3 43. e6 b2 44. Rb5 Kxb5 45. e7 Rd1+ 0-1

[Event "Kolkata Telegraph Schools 15th"]
[Site "Kolkata"]
[Date "2002.??.??"]
[Round "10.4"]
[White "Saurav, Chakrabarti"]
[Black "Souvik, Chakraborty"]
[Result "0-1"]
[WhiteElo "2045"]
[BlackElo "2010"]
[PlyCount "104"]
[EventDate "2002.08.16"]
[EventType "tourn"]
[EventRounds "11"]
[EventCountry "IND"]
[SourceTitle "EXT 2004"]
[Source "ChessBase"]
[SourceDate "2003.11.25"]
[SourceVersion "1"]
[SourceVersionDate "2003.11.25"]
[SourceQuality "1"]

1. d4 Nf6 2. c4 g6 3. Nc3 Bg7 4. e4 d6 5. Nf3 Nbd7 6. Be2 0-0 7. 0-0 e5 8. dxe5 Nxe5 9. Nxe5 dxe5 10. Qc2 Be6 11. Be3 b6 12. Rfd1 Qe7 13. Nd5 Bxd5 14. cxd5 Ne8 15. Rac1 f5 16. f3 Rf7 17. Qc6 Rd8 18. Qa4 a5 19. Rc6 Nd6 20. Rdc1 Rd7 21. Qc2 fxe4 22. fxe4 Qh4 23. g3 Qh3 24. Qd1 Bh6 25. Qd3 Bxe3+ 26. Qxe3 Rf4 27. Bf3 Rff7 28. Bg2 Qh5 29. h4 Nb5 30. Re6 Nd4 31. Re8+ Kg7 32. Rf1 Qg4 33. Rxf7+ Rxf7 34. Kh2 Nf3+ 35. Bxf3 Rxf3 36. Qe1 Kf7 37. Rh8 Kg7 38. Re8 Kf7 39. Rh8 Kg7 40. Rd8 Rd3 41. Re8 Qf3 42. Rxe5 Rd1 43. Re7+ Kf8 44. Qxd1 Qxd1 45. Rxc7 Qe2+ 46. Kg1 Qxe4 47. Rd7 Qb1+ 48. Kg2 Qxb2+ 49. Kh3 Qxa2 50. Rxh7 Qxd5 51. h5 gxh5 52. Kh4 Qe4+ 0-1

[Event "Kolkata Telegraph Schools 15th"]
[Site "Kolkata"]
[Date "2002.??.??"]
[Round "8.5"]
[White "Souvik, Chakraborty"]
[Black "Dhar, Rajib"]
[Result "0-1"]
[WhiteElo "2010"]
[BlackElo "2038"]
[PlyCount "66"]
[EventDate "2002.08.16"]
[EventType "tourn"]
[EventRounds "11"]
[EventCountry "IND"]
[SourceTitle "EXT 2004"]
[Source "ChessBase"]
[SourceDate "2003.11.25"]
[SourceVersion "1"]
[SourceVersionDate "2003.11.25"]
[SourceQuality "1"]

1. e4 c6 2. d4 d5 3. exd5 cxd5 4. c4 e6 5. Nc3 Nf6 6. Nf3 Be7 7. c5 0-0 8. Bd3 Nc6 9. 0-0 Nb4 10. Bb1 a6 11. a3 Nc6 12. Qd3 g6 13. b4 Bd7 14. Bc2 b6 15. cxb6 Qxb6 16. Bg5 Rfe8 17. Rab1 Rac8 18. Na4 Qa7 19. Nc5 Bxc5 20. bxc5 Ne4 21. Bf4 e5 22. dxe5 Qxc5 23. Be3 d4 24. Nxd4 Nxd4 25. Rfc1 Qxe5 26. Bxd4 Qe7 27. Qxa6 Nd2 28. Bd3 Rxc1+ 29. Rxc1 Nf3+ 30. gxf3 Qg5+ 31. Kh1 Qxc1+ 32. Bf1 Bh3 33. Kg1 Bxf1 0-1